[Event "Turniej Blitza na II Lidze Juniorów 2018"]
[Site "Szczyrk, Poland"]
[Date "????.??.??"]
[Round "6.22"]
[White "Wiszniewski, Szymon"]
[Black "Musial, Tomasz"]
[Result "0-1"]
[TimeControl "3'+2\""]
[WhiteElo "1391"]
[BlackElo "1833"]

1. e4 {[%emt 00:00:32]} e6 2. d3 {[%emt 00:00:01]} d5 {[%emt 00:00:02]} 3. Nd2
{[%emt 00:00:03]} c5 4. Ngf3 {[%emt 00:00:01]} Nc6 {[%emt 00:00:01]} 5. g3 g6 6.
Bg2 Bg7 7. O-O {[%emt 00:00:02]} Nge7 {[%emt 00:00:01]} 8. c3 {[%emt 00:00:03]}
O-O {[%emt 00:00:02]} 9. Re1 b6 10. Nf1 dxe4 {[%emt 00:00:07]} 11. dxe4 {[%emt
00:00:04]} Bb7 {[%emt 00:00:01]} 12. Bf4 {[%emt 00:00:10]} e5 {[%emt 00:00:19]}
13. Bc1 {[%emt 00:00:32]} Qc7 {[%emt 00:00:05]} 14. Qc2 {[%emt 00:00:04]} Rad8
{[%emt 00:00:05]} 15. h4 {[%emt 00:00:08]} h6 {[%emt 00:00:07]} 16. N1h2 {[%emt
00:00:01]} Nc8 {[%emt 00:00:25]} 17. Ng4 {[%emt 00:00:02]} h5 18. Nh6+ {[%emt
00:00:14]} Kh7 {[%emt 00:00:01]} 19. Ng5+ {[%emt 00:00:01]} Kh8 {[%emt
00:00:12]} 20. Nhxf7+ {[%emt 00:00:29]} Rxf7 {[%emt 00:00:03]} 21. Nxf7+ {[%emt
00:00:01]} Qxf7 {[%emt 00:00:02]} 22. Bg5 {[%emt 00:00:02]} Rf8 {[%emt
00:00:04]} 23. Rad1 {[%emt 00:00:16]} N8e7 {[%emt 00:00:21]} 24. Rd7 {[%emt
00:00:01]} Bc8 {[%emt 00:00:04]} 25. Rc7 {[%emt 00:00:19]} Bf6 {[%emt
00:00:15]} 26. Bh6 {[%emt 00:00:13]} Bg7 {[%emt 00:00:01]} 27. Bg5 {[%emt
00:00:02]} Bf6 28. Bh6 {[%emt 00:00:02]} Rd8 29. Rd1 {[%emt 00:00:09]} Qe8
{[%emt 00:00:14]} 30. Qa4 {[%emt 00:00:28]} Rxd1+ {[%emt 00:00:14]} 31. Qxd1
{[%emt 00:00:01]} a6 {[%emt 00:00:12]} 32. Qd6 {[%emt 00:00:05]} Bg7 {[%emt
00:00:23]} 33. Bxg7+ {[%emt 00:00:02]} Kxg7 {[%emt 00:00:04]} 34. Kh2 {[%emt
00:00:04]} Kh6 {[%emt 00:00:18]} 35. Qf6 {[%emt 00:00:04]} Bg4 {[%emt
00:00:07]} 36. f3 {[%emt 00:00:09]} Bd7 {[%emt 00:00:02]} 37. Qd6 {[%emt
00:00:07]} Qd8 {[%emt 00:00:02]} 38. Rxd7 {[%emt 00:00:02]} Qf8 {[%emt
00:00:07]} 39. Qd2+ {[%emt 00:00:07]} Kg7 {[%emt 00:00:02]} 40. Rc7 {[%emt
00:00:04]} Qf6 {[%emt 00:00:02]} 41. Qd7 {[%emt 00:00:03]} Kf7 {[%emt
00:00:02]} 42. Bh3 {[%emt 00:00:04]} Nb8 {[%emt 00:00:04]} 43. Qd8 {[%emt
00:00:04]} Nbc6 44. Qd7 {[%emt 00:00:02]} Nb8 45. Qd8 Nbc6 {[%emt 00:00:02]} 46.
Qd7 {[%emt 00:00:01]} Nb8 {[%emt 00:00:02]} 47. Qd8 {[%emt 00:00:01]} Nbc6
{[%emt 00:00:01]} 48. Qd7 {[%emt 00:00:01]} Nb8 {[%emt 00:00:03]} 49. Qd8
{[%emt 00:00:01]} Nbc6 {[%emt 00:00:01]} 50. Qd7 {[%emt 00:00:01]} Nb8 {[%emt
00:00:01]} 51. Qd8 Nbc6 {[%emt 00:00:02]} 52. Qd7 Nb8 {[%emt 00:00:07]} 53. Qd8
{[%emt 00:00:07]} Nbc6 {[%emt 00:00:01]} 54. Qd5+ Kg7 {[%emt 00:00:02]} 55. Qd7
{[%emt 00:00:07]} Kf7 56. Qd5+ {[%emt 00:00:01]} Kf8 {[%emt 00:00:01]} 57. Qd7
{[%emt 00:00:02]} Kf7 58. Qd5+ {[%emt 00:00:02]} Kf8 59. Qd7 {[%emt 00:00:01]}
Kf7 60. Qd5+ Ke8 {[%emt 00:00:01]} 61. Qd7+ Kf7 {[%emt 00:00:01]} 62. Qd5+ Kf8
63. Qd7 Kf7 {[%emt 00:00:02]} 64. Qd5+ Kf8 65. Qd7 {[%emt 00:00:01]} Kf7 66.
Qd5+ {[%emt 00:00:01]} Kf8 {[%emt 00:00:02]} 67. Qd7 Kf7 68. Qd5+ Kf8 {[%emt
00:00:01]} 69. Be6 {[%emt 00:00:01]} Nxd5 {[%emt 00:00:03]} 70. Rf7+ {[%emt
00:00:09]} Qxf7 {[%emt 00:00:01]} 71. Bxf7 Kxf7 {[%emt 00:00:01]} 72. exd5
{[%emt 00:00:01]} Ne7 73. c4 b5 74. b3 bxc4 75. bxc4 {[%emt 00:00:01]} Ke8 76.
g4 {[%emt 00:00:02]} Kd7 {[%emt 00:00:01]} 77. Kg3 {[%emt 00:00:02]} Kd6 {[%emt
00:00:02]} 78. f4 exf4+ {[%emt 00:00:02]} 79. Kxf4 hxg4 {[%emt 00:00:02]} 80.
Kxg4 Nxd5 {[%emt 00:00:02]} 81. cxd5 {[%emt 00:00:01]} Kxd5 82. Kg5 c4 83. Kxg6
c3 {[%emt 00:00:01]} 84. h5 c2 85. h6 c1=Q {[%emt 00:00:03]} 86. h7 {[%emt
00:00:01]} Qc3 87. Kf7 {[%emt 00:00:02]} Qh8 88. Kg6 {[%emt 00:00:01]} Ke5
{[%clk 00:00:29]} {[%emt 00:00:04]} 0-1

[Event "Turniej Blitza na II Lidze Juniorów 2018"]
[Site "Szczyrk, Poland"]
[Date "????.??.??"]
[Round "6.35"]
[White "Sidorczuk, Dominik"]
[Black "Burdzicki, Jan"]
[Result "1-0"]
[TimeControl "3'+2\""]
[WhiteElo "1215"]
[BlackElo "1491"]

1. e4 {[%emt 00:00:58]} e6 2. d4 {[%emt 00:00:02]} d5 3. e5 {[%emt 00:00:01]}
c5 {[%emt 00:00:01]} 4. c3 Nc6 5. Nf3 Qb6 {[%emt 00:00:01]} 6. Bd3 {[%emt
00:00:02]} Bd7 {[%emt 00:00:01]} 7. O-O {[%emt 00:00:08]} cxd4 {[%emt
00:00:01]} 8. cxd4 {[%emt 00:00:01]} Nxd4 9. Be3 {[%emt 00:00:02]} Nxf3+ 10.
Qxf3 Qxb2 {[%emt 00:00:01]} 11. Nd2 Qxe5 {[%emt 00:00:07]} 12. Rab1 {[%emt
00:00:02]} Bc6 {[%emt 00:00:07]} 13. Bf4 {[%emt 00:00:03]} Qf6 {[%emt
00:00:30]} 14. Qg3 {[%emt 00:00:02]} h5 {[%emt 00:00:29]} 15. Be5 {[%emt
00:00:31]} h4 {[%emt 00:00:29]} 16. Qe3 {[%emt 00:00:05]} Qh6 {[%emt 00:00:03]}
17. Bf4 {[%emt 00:00:09]} Qh5 {[%emt 00:00:04]} 18. Nb3 {[%emt 00:00:03]} Be7
{[%emt 00:00:13]} 19. Nd4 {[%emt 00:00:05]} g5 {[%emt 00:00:04]} 20. Be5 {[%emt
00:00:10]} Nf6 {[%emt 00:00:07]} 21. Nxc6 {[%emt 00:00:12]} bxc6 {[%emt
00:00:02]} 22. Rb7 {[%emt 00:00:04]} Ng4 {[%emt 00:00:11]} 23. Qd4 {[%emt
00:00:06]} f6 {[%emt 00:00:15]} 24. Bc7 {[%emt 00:00:10]} c5 {[%emt 00:00:07]}
25. Qa4+ Kf7 {[%emt 00:00:04]} 26. Rxa7 {[%emt 00:00:02]} Rxa7 {[%emt
00:00:04]} 27. Qxa7 c4 28. Bd6 {[%emt 00:00:01]} Re8 29. Be2 {[%emt 00:00:06]}
h3 {[%emt 00:00:15]} 30. g3 {[%emt 00:00:18]} f5 {[%emt 00:00:04]} 31. Rb1
{[%emt 00:00:02]} Qh7 {[%emt 00:00:04]} 32. Rb7 {[%emt 00:00:03]} Kf8 {[%emt
00:00:01]} 33. Bxe7+ {[%emt 00:00:04]} Rxe7 {[%emt 00:00:02]} 34. Qb8+ {[%emt
00:00:08]} Kf7 {[%emt 00:00:08]} 35. Rxe7+ {[%emt 00:00:04]} Kxe7 {[%emt
00:00:02]} 36. Qc7+ Kf6 {[%emt 00:00:02]} 37. Qxh7 Ne5 {[%emt 00:00:02]} 38.
Qh8+ {[%emt 00:00:05]} Ke7 {[%emt 00:00:02]} 39. Qxe5 c3 40. Qxc3 {[%emt
00:00:02]} f4 41. gxf4 {[%emt 00:00:02]} g4 1-0

[Event "Turniej Blitza na II Lidze Juniorów 2018"]
[Site "Szczyrk, Poland"]
[Date "????.??.??"]
[Round "6.12"]
[White "Temel, Jan"]
[Black "Trembowiecka-Wysota, Aleksandra"]
[Result "1/2-1/2"]
[TimeControl "3'+2\""]
[WhiteElo "1796"]
[BlackElo "1571"]

1. d4 {[%clk 00:02:47]} {[%emt 00:00:17]} Nf6 {[%clk 00:03:03]} {[%emt
00:00:02]} 2. c4 {[%clk 00:02:47]} c5 {[%clk 00:03:04]} 3. d5 {[%clk 00:02:48]}
{[%emt 00:00:02]} e6 {[%clk 00:03:06]} 4. Nc3 {[%clk 00:02:49]} {[%emt
00:00:02]} exd5 {[%clk 00:03:07]} 5. cxd5 {[%clk 00:02:50]} {[%emt 00:00:01]}
d6 {[%clk 00:03:08]} 6. e4 {[%clk 00:02:51]} {[%emt 00:00:02]} g6 {[%clk
00:03:08]} {[%emt 00:00:02]} 7. h3 {[%clk 00:02:44]} {[%emt 00:00:09]} Bg7
{[%clk 00:03:08]} {[%emt 00:00:02]} 8. Nf3 {[%clk 00:02:44]} {[%emt 00:00:02]}
a6 {[%clk 00:03:04]} {[%emt 00:00:05]} 9. a4 {[%clk 00:02:45]} {[%emt
00:00:01]} O-O {[%clk 00:02:57]} {[%emt 00:00:10]} 10. Bd3 {[%clk 00:02:46]}
{[%emt 00:00:01]} Nbd7 {[%clk 00:02:45]} {[%emt 00:00:14]} 11. Bf4 {[%clk
00:02:46]} {[%emt 00:00:02]} Re8 {[%clk 00:02:29]} {[%emt 00:00:17]} 12. Bxd6
{[%clk 00:02:42]} {[%emt 00:00:06]} Nb6 {[%clk 00:02:29]} {[%emt 00:00:02]} 13.
Bxc5 {[%clk 00:02:40]} {[%emt 00:00:04]} Nbxd5 {[%clk 00:02:29]} {[%emt
00:00:03]} 14. O-O {[%clk 00:02:27]} {[%emt 00:00:14]} Nxc3 {[%clk 00:02:28]}
{[%emt 00:00:03]} 15. bxc3 {[%clk 00:02:28]} {[%emt 00:00:01]} b6 {[%clk
00:01:56]} {[%emt 00:00:34]} 16. Bd4 {[%clk 00:02:11]} {[%emt 00:00:19]} Nxe4
{[%clk 00:01:48]} {[%emt 00:00:10]} 17. Bxg7 {[%clk 00:01:56]} {[%emt
00:00:17]} Kxg7 {[%clk 00:01:46]} {[%emt 00:00:04]} 18. Qc2 {[%clk 00:01:47]}
{[%emt 00:00:11]} Nc5 {[%clk 00:01:38]} {[%emt 00:00:11]} 19. Bc4 {[%clk
00:01:40]} {[%emt 00:00:08]} Bf5 {[%clk 00:01:32]} {[%emt 00:00:08]} 20. Qa2
{[%clk 00:01:35]} {[%emt 00:00:06]} Qf6 {[%clk 00:01:14]} {[%emt 00:00:21]} 21.
Nd4 {[%clk 00:01:34]} {[%emt 00:00:03]} b5 {[%clk 00:01:15]} {[%emt 00:00:02]}
22. Be2 {[%clk 00:01:27]} {[%emt 00:00:08]} Ne4 {[%clk 00:00:59]} {[%emt
00:00:18]} 23. Qb2 {[%clk 00:01:15]} {[%emt 00:00:13]} bxa4 {[%clk 00:00:46]}
{[%emt 00:00:17]} 24. Rxa4 {[%clk 00:01:13]} {[%emt 00:00:03]} Rab8 {[%clk
00:00:45]} {[%emt 00:00:03]} 25. Qa3 {[%clk 00:01:09]} {[%emt 00:00:06]} Rec8
{[%clk 00:00:37]} {[%emt 00:00:11]} 26. Rxa6 {[%clk 00:01:01]} {[%emt
00:00:10]} Qe5 {[%clk 00:00:07]} {[%emt 00:00:32]} 27. Nf3 {[%clk 00:00:40]}
{[%emt 00:00:22]} Qxc3 {[%clk 00:00:07]} {[%emt 00:00:03]} 28. Qe7 {[%clk
00:00:35]} {[%emt 00:00:06]} Qc7 {[%clk 00:00:03]} {[%emt 00:00:07]} 29. Qh4
{[%clk 00:00:31]} {[%emt 00:00:05]} h6 {[%emt 00:00:02]} 30. Rd1 {[%clk
00:00:28]} {[%emt 00:00:05]} Qb7 {[%clk 00:00:03]} {[%emt 00:00:03]} 31. Qf4
{[%clk 00:00:22]} {[%emt 00:00:07]} Qb3 {[%clk 00:00:03]} {[%emt 00:00:01]} 32.
Qe5+ {[%clk 00:00:21]} {[%emt 00:00:04]} Kh7 {[%clk 00:00:04]} {[%emt
00:00:02]} 33. Ra7 {[%clk 00:00:16]} {[%emt 00:00:07]} Rf8 {[%emt 00:00:02]} 34.
Nh4 {[%clk 00:00:13]} {[%emt 00:00:03]} Qb6 {[%clk 00:00:06]} {[%emt 00:00:02]}
35. Qd4 {[%clk 00:00:11]} {[%emt 00:00:03]} Qxd4 {[%clk 00:00:07]} {[%emt
00:00:02]} 36. Rxd4 {[%clk 00:00:11]} {[%emt 00:00:02]} Rb1+ {[%clk 00:00:08]}
37. Rd1 {[%clk 00:00:10]} {[%emt 00:00:03]} Rxd1+ {[%clk 00:00:09]} {[%emt
00:00:02]} 38. Bxd1 {[%clk 00:00:11]} Be6 {[%clk 00:00:08]} {[%emt 00:00:03]}
39. Bf3 {[%clk 00:00:11]} {[%emt 00:00:02]} Nd2 {[%clk 00:00:09]} {[%emt
00:00:01]} 40. Bc6 {[%clk 00:00:12]} {[%emt 00:00:02]} Rd8 {[%clk 00:00:10]} 41.
Re7 {[%clk 00:00:11]} {[%emt 00:00:03]} Nc4 {[%clk 00:00:10]} {[%emt 00:00:02]}
42. Nf3 {[%clk 00:00:10]} {[%emt 00:00:03]} Rd1+ {[%clk 00:00:10]} {[%emt
00:00:02]} 43. Kh2 {[%clk 00:00:12]} Kg7 {[%clk 00:00:08]} {[%emt 00:00:04]}
1/2-1/2

[Event "Turniej Blitza na II Lidze Juniorów 2018"]
[Site "Szczyrk, Poland"]
[Date "????.??.??"]
[Round "6.27"]
[White "Krzysztynska, Anna"]
[Black "Burdzicki, Stanislaw"]
[Result "0-1"]
[TimeControl "3'+2\""]
[WhiteElo "1610"]
[BlackElo "1384"]

1. e4 {[%clk 00:03:03]} {[%emt 00:00:58]} c5 {[%clk 00:03:04]} 2. c3 {[%clk
00:03:04]} {[%emt 00:00:01]} g6 {[%clk 00:02:59]} {[%emt 00:00:07]} 3. Nf3
{[%clk 00:03:01]} {[%emt 00:00:05]} Bg7 {[%clk 00:02:56]} {[%emt 00:00:06]} 4.
d4 {[%clk 00:02:57]} {[%emt 00:00:05]} cxd4 {[%clk 00:02:57]} 5. cxd4 {[%clk
00:02:59]} d5 {[%clk 00:02:58]} 6. e5 {[%clk 00:02:48]} {[%emt 00:00:13]} Bg4
{[%clk 00:02:58]} {[%emt 00:00:02]} 7. Be2 {[%clk 00:02:49]} {[%emt 00:00:02]}
e6 {[%clk 00:02:58]} {[%emt 00:00:01]} 8. Nc3 {[%clk 00:02:46]} {[%emt
00:00:05]} Ne7 {[%clk 00:02:58]} {[%emt 00:00:02]} 9. h3 {[%clk 00:02:43]}
{[%emt 00:00:05]} Bxf3 {[%clk 00:02:56]} {[%emt 00:00:03]} 10. Bxf3 {[%clk
00:02:44]} {[%emt 00:00:02]} O-O {[%clk 00:02:55]} {[%emt 00:00:02]} 11. Bf4
{[%clk 00:02:26]} {[%emt 00:00:21]} Nbc6 {[%clk 00:02:54]} {[%emt 00:00:03]} 12.
O-O {[%clk 00:01:57]} {[%emt 00:00:31]} Nf5 {[%clk 00:02:55]} {[%emt 00:00:02]}
13. Be3 {[%clk 00:01:49]} {[%emt 00:00:10]} f6 {[%clk 00:02:54]} {[%emt
00:00:02]} 14. exf6 {[%clk 00:00:52]} {[%emt 00:00:59]} Qxf6 {[%clk 00:02:55]}
{[%emt 00:00:02]} 15. Re1 {[%clk 00:00:24]} {[%emt 00:00:29]} Nfxd4 {[%clk
00:02:46]} {[%emt 00:00:12]} 16. Bxd4 {[%clk 00:00:13]} {[%emt 00:00:13]} Nxd4
{[%clk 00:02:46]} {[%emt 00:00:01]} 17. Qd3 {[%clk 00:00:09]} {[%emt 00:00:07]}
Nxf3+ {[%clk 00:02:20]} {[%emt 00:00:27]} 18. Qxf3 {[%clk 00:00:08]} {[%emt
00:00:03]} Qxf3 {[%clk 00:02:21]} {[%emt 00:00:01]} 19. gxf3 {[%clk 00:00:09]}
{[%emt 00:00:01]} Bxc3 {[%clk 00:02:14]} {[%emt 00:00:09]} 20. bxc3 {[%clk
00:00:10]} {[%emt 00:00:01]} Rxf3 {[%clk 00:02:15]} {[%emt 00:00:01]} 21. Rxe6
{[%clk 00:00:10]} {[%emt 00:00:03]} Rxc3 {[%clk 00:02:14]} {[%emt 00:00:02]} 22.
Kg2 {[%clk 00:00:10]} {[%emt 00:00:02]} Rd8 {[%clk 00:02:05]} {[%emt 00:00:11]}
23. Rd1 {[%clk 00:00:08]} {[%emt 00:00:05]} Ra3 {[%clk 00:02:01]} {[%emt
00:00:05]} 24. Re2 {[%clk 00:00:08]} {[%emt 00:00:02]} d4 {[%clk 00:01:54]}
{[%emt 00:00:09]} 25. Rb2 {[%clk 00:00:09]} {[%emt 00:00:01]} b6 {[%clk
00:01:54]} {[%emt 00:00:03]} 26. f3 {[%clk 00:00:09]} {[%emt 00:00:02]} d3
{[%clk 00:01:53]} {[%emt 00:00:02]} 27. Rbd2 {[%clk 00:00:08]} {[%emt
00:00:02]} Rc3 {[%clk 00:01:54]} {[%emt 00:00:03]} 28. Kf2 {[%clk 00:00:09]}
Kf7 {[%clk 00:01:54]} {[%emt 00:00:02]} 29. Ke3 {[%clk 00:00:10]} Ke6 {[%clk
00:01:54]} {[%emt 00:00:03]} 30. Rxd3 {[%clk 00:00:10]} {[%emt 00:00:01]}
Rcxd3+ {[%clk 00:01:54]} {[%emt 00:00:02]} 31. Rxd3 {[%clk 00:00:11]} Rxd3+
{[%clk 00:01:55]} {[%emt 00:00:01]} 32. Kxd3 {[%clk 00:00:12]} b5 {[%clk
00:01:56]} {[%emt 00:00:02]} 33. Kd4 {[%clk 00:00:13]} Kd6 {[%clk 00:01:57]}
{[%emt 00:00:02]} 34. a3 {[%clk 00:00:14]} {[%emt 00:00:01]} a5 {[%clk
00:01:58]} 35. f4 {[%clk 00:00:14]} {[%emt 00:00:01]} h5 {[%clk 00:01:54]}
{[%emt 00:00:06]} 36. h4 {[%clk 00:00:15]} {[%emt 00:00:02]} b4 {[%clk
00:01:55]} 37. axb4 {[%clk 00:00:15]} {[%emt 00:00:01]} axb4 {[%clk 00:01:56]}
38. Kc4 {[%clk 00:00:17]} b3 {[%clk 00:01:52]} {[%emt 00:00:05]} 39. Kxb3
{[%clk 00:00:18]} Kd5 {[%clk 00:01:54]} 40. Kc2 {[%clk 00:00:19]} Ke4 {[%clk
00:01:55]} 41. Kd2 {[%clk 00:00:21]} Kxf4 {[%clk 00:01:56]} {[%emt 00:00:01]}
42. Ke1 {[%clk 00:00:21]} Kg4 {[%clk 00:01:57]} {[%emt 00:00:01]} 43. Kf2
{[%clk 00:00:22]} {[%emt 00:00:01]} Kxh4 {[%clk 00:01:58]} 44. Kg2 {[%clk
00:00:22]} {[%emt 00:00:02]} g5 {[%clk 00:01:59]} 45. Kh2 {[%clk 00:00:23]} g4
{[%clk 00:02:01]} 46. Kg2 {[%clk 00:00:24]} g3 {[%clk 00:02:02]} {[%emt
00:00:01]} 47. Kg1 {[%clk 00:00:25]} {[%emt 00:00:01]} Kg4 {[%clk 00:02:02]}
{[%emt 00:00:03]} 48. Kg2 {[%clk 00:00:25]} h4 {[%clk 00:02:03]} {[%emt
00:00:01]} 49. Kg1 {[%clk 00:00:25]} {[%emt 00:00:02]} h3 {[%clk 00:02:04]} 50.
Kh1 {[%clk 00:00:25]} {[%emt 00:00:02]} Kf3 {[%clk 00:02:02]} {[%emt 00:00:04]}
51. Kg1 {[%clk 00:00:26]} {[%emt 00:00:01]} h2+ {[%clk 00:01:57]} {[%emt
00:00:07]} 52. Kh1 {[%clk 00:00:28]} g2+ {[%clk 00:01:58]} 53. Kxh2 {[%clk
00:00:29]} {[%emt 00:00:02]} Kf2 {[%clk 00:01:59]} 0-1

[Event "Turniej Blitza na II Lidze Juniorów 2018"]
[Site "Szczyrk, Poland"]
[Date "????.??.??"]
[Round "6.59"]
[White "Straczek, Wiktoria"]
[Black "Uliasz, Miroslaw"]
[Result "1-0"]
[TimeControl "3'+2\""]
[WhiteElo "1252"]
[BlackElo "1075"]

1. e4 {[%clk 00:03:03]} e6 {[%clk 00:02:58]} {[%emt 00:00:07]} 2. d4 {[%clk
00:03:04]} d5 {[%clk 00:02:59]} {[%emt 00:00:01]} 3. exd5 {[%emt 00:00:03]}
exd5 {[%clk 00:02:54]} {[%emt 00:00:06]} 4. c4 {[%clk 00:03:06]} {[%emt
00:00:01]} c6 {[%clk 00:02:50]} {[%emt 00:00:05]} 5. Nc3 {[%clk 00:03:07]}
{[%emt 00:00:01]} Be6 {[%clk 00:02:39]} {[%emt 00:00:13]} 6. cxd5 {[%clk
00:03:04]} {[%emt 00:00:05]} cxd5 {[%clk 00:02:40]} {[%emt 00:00:02]} 7. Nf3
{[%clk 00:03:02]} {[%emt 00:00:03]} Bd6 {[%clk 00:02:36]} {[%emt 00:00:05]} 8.
Bd3 {[%clk 00:02:54]} {[%emt 00:00:11]} a6 {[%clk 00:02:35]} {[%emt 00:00:03]}
9. O-O {[%clk 00:02:54]} {[%emt 00:00:02]} Ne7 {[%clk 00:02:33]} {[%emt
00:00:04]} 10. Bg5 {[%clk 00:02:46]} {[%emt 00:00:10]} f6 {[%clk 00:02:33]}
{[%emt 00:00:01]} 11. Bd2 {[%clk 00:02:45]} {[%emt 00:00:03]} O-O {[%clk
00:02:31]} {[%emt 00:00:04]} 12. Qe2 {[%clk 00:02:46]} {[%emt 00:00:02]} Bf7
{[%clk 00:02:27]} {[%emt 00:00:06]} 13. Bf5 {[%clk 00:02:40]} {[%emt 00:00:08]}
Nxf5 {[%clk 00:02:24]} {[%emt 00:00:05]} 14. Qd3 {[%clk 00:02:38]} {[%emt
00:00:05]} Bg6 {[%clk 00:02:22]} {[%emt 00:00:03]} 15. Qe2 {[%clk 00:02:32]}
{[%emt 00:00:09]} Re8 {[%clk 00:02:17]} {[%emt 00:00:05]} 16. Qd1 {[%clk
00:02:33]} Qc7 {[%clk 00:02:17]} {[%emt 00:00:03]} 17. Nxd5 {[%clk 00:02:33]}
{[%emt 00:00:03]} Qc4 {[%clk 00:02:11]} {[%emt 00:00:07]} 18. Nb6 {[%clk
00:02:27]} {[%emt 00:00:09]} Qc6 {[%clk 00:02:01]} {[%emt 00:00:12]} 19. Nxa8
{[%clk 00:02:27]} {[%emt 00:00:02]} Nd7 {[%clk 00:02:01]} 20. Qb3+ {[%clk
00:02:18]} {[%emt 00:00:11]} Kh8 {[%clk 00:01:58]} {[%emt 00:00:05]} 21. d5
{[%clk 00:02:13]} {[%emt 00:00:07]} Qb5 {[%clk 00:01:42]} {[%emt 00:00:17]} 22.
Qxb5 {[%clk 00:02:06]} {[%emt 00:00:10]} axb5 {[%clk 00:01:44]} {[%emt
00:00:01]} 23. Rae1 {[%clk 00:01:49]} {[%emt 00:00:19]} Rxa8 {[%clk 00:01:44]}
24. a3 {[%clk 00:01:46]} {[%emt 00:00:05]} Nb6 {[%clk 00:01:38]} {[%emt
00:00:07]} 25. Be3 {[%clk 00:01:47]} {[%emt 00:00:02]} Nxd5 {[%clk 00:01:35]}
{[%emt 00:00:06]} 26. Bd2 {[%clk 00:01:34]} {[%emt 00:00:13]} Nb6 {[%clk
00:00:59]} {[%emt 00:00:39]} 27. Bc3 {[%clk 00:01:32]} {[%emt 00:00:04]} Na4
{[%clk 00:00:57]} {[%emt 00:00:04]} 28. Rc1 {[%clk 00:01:25]} {[%emt 00:00:09]}
Nxc3 {[%clk 00:00:51]} {[%emt 00:00:08]} 29. Rxc3 {[%clk 00:01:26]} {[%emt
00:00:02]} b4 {[%clk 00:00:44]} {[%emt 00:00:08]} 30. axb4 {[%clk 00:01:26]}
{[%emt 00:00:02]} Bxb4 {[%clk 00:00:45]} {[%emt 00:00:01]} 31. Rc4 {[%clk
00:01:27]} Bd6 {[%clk 00:00:37]} {[%emt 00:00:09]} 32. Rfc1 {[%clk 00:01:27]}
{[%emt 00:00:02]} Ne7 {[%clk 00:00:20]} {[%emt 00:00:19]} 33. Rd4 {[%emt
00:00:13]} Be5 {[%clk 00:00:13]} {[%emt 00:00:03]} 34. Nxe5 {[%clk 00:01:23]}
{[%emt 00:00:02]} fxe5 {[%clk 00:00:14]} {[%emt 00:00:02]} 35. Rd7 {[%clk
00:01:22]} {[%emt 00:00:02]} 1-0

[Event "Turniej Blitza na II Lidze Juniorów 2018"]
[Site "Szczyrk, Poland"]
[Date "????.??.??"]
[Round "6.6"]
[White "Laszczak, Przemyslaw"]
[Black "Pniaczek, Marek"]
[Result "0-1"]
[TimeControl "3'+2\""]
[BlackTitle "CM"]
[WhiteElo "1748"]
[BlackElo "1995"]

1. d4 {[%clk 00:03:02]} {[%emt 00:00:02]} d5 {[%clk 00:03:04]} 2. Nf3 {[%clk
00:03:02]} {[%emt 00:00:03]} Nf6 {[%emt 00:00:01]} 3. e3 c5 {[%clk 00:03:04]}
{[%emt 00:00:02]} 4. b3 {[%clk 00:03:03]} {[%emt 00:00:02]} cxd4 {[%clk
00:03:05]} {[%emt 00:00:02]} 5. exd4 {[%clk 00:03:05]} {[%emt 00:00:01]} Nc6
{[%clk 00:03:01]} {[%emt 00:00:11]} 6. Bd3 {[%clk 00:03:00]} {[%emt 00:00:07]}
Bg4 {[%clk 00:03:01]} {[%emt 00:00:02]} 7. Bb2 {[%clk 00:02:58]} {[%emt
00:00:04]} e6 {[%clk 00:03:01]} {[%emt 00:00:02]} 8. O-O {[%clk 00:02:59]}
{[%emt 00:00:02]} Bd6 {[%clk 00:03:01]} {[%emt 00:00:01]} 9. Nbd2 {[%clk
00:02:49]} {[%emt 00:00:13]} O-O {[%clk 00:02:58]} {[%emt 00:00:04]} 10. Qe1
{[%clk 00:02:49]} Re8 {[%clk 00:02:56]} {[%emt 00:00:04]} 11. Ne5 {[%clk
00:02:48]} {[%emt 00:00:04]} Bh5 {[%clk 00:02:55]} {[%emt 00:00:03]} 12. f4
{[%clk 00:02:48]} {[%emt 00:00:02]} Bg6 {[%clk 00:02:51]} {[%emt 00:00:05]} 13.
Nxg6 {[%clk 00:02:47]} {[%emt 00:00:03]} hxg6 {[%clk 00:02:52]} {[%emt
00:00:02]} 14. Qh4 {[%clk 00:02:27]} {[%emt 00:00:22]} Nb4 {[%clk 00:02:51]}
{[%emt 00:00:03]} 15. Rf3 {[%clk 00:02:16]} {[%emt 00:00:13]} Nxd3 {[%clk
00:02:48]} {[%emt 00:00:05]} 16. Rxd3 {[%clk 00:02:10]} {[%emt 00:00:09]} Ne4
{[%clk 00:02:38]} {[%emt 00:00:11]} 17. Qg4 {[%clk 00:01:47]} {[%emt 00:00:25]}
Nxd2 {[%clk 00:02:29]} {[%emt 00:00:10]} 18. Rxd2 {[%clk 00:01:48]} {[%emt
00:00:02]} Qf6 {[%clk 00:02:30]} {[%emt 00:00:02]} 19. g3 {[%clk 00:01:45]}
{[%emt 00:00:04]} Qf5 {[%emt 00:00:05]} 20. Qxf5 {[%clk 00:01:44]} {[%emt
00:00:01]} exf5 {[%clk 00:02:24]} {[%emt 00:00:07]} 21. Kf2 {[%clk 00:01:45]}
{[%emt 00:00:01]} Re4 {[%clk 00:02:24]} {[%emt 00:00:03]} 22. c4 {[%clk
00:01:38]} {[%emt 00:00:09]} Bb4 {[%clk 00:02:20]} {[%emt 00:00:05]} 23. Rc2
{[%clk 00:01:37]} {[%emt 00:00:03]} dxc4 {[%clk 00:02:17]} {[%emt 00:00:05]} 24.
bxc4 {[%clk 00:01:35]} {[%emt 00:00:04]} Rae8 {[%clk 00:02:17]} 25. c5 {[%clk
00:01:27]} {[%emt 00:00:11]} g5 {[%clk 00:02:15]} {[%emt 00:00:04]} 26. fxg5
{[%clk 00:01:26]} {[%emt 00:00:03]} f4 {[%clk 00:02:15]} {[%emt 00:00:02]} 27.
Rd1 {[%clk 00:01:15]} {[%emt 00:00:12]} fxg3+ {[%clk 00:02:14]} {[%emt
00:00:04]} 28. hxg3 {[%clk 00:01:17]} Be1+ {[%clk 00:02:04]} {[%emt 00:00:11]}
29. Kg2 {[%clk 00:01:09]} {[%emt 00:00:10]} Re3 {[%clk 00:02:02]} {[%emt
00:00:05]} 30. d5 {[%clk 00:01:00]} {[%emt 00:00:11]} Rxg3+ {[%emt 00:00:08]}
31. Kf1 {[%emt 00:00:01]} Rf3+ {[%clk 00:01:50]} {[%emt 00:00:07]} 32. Kg2
{[%clk 00:01:01]} {[%emt 00:00:02]} Rf5 {[%clk 00:01:42]} {[%emt 00:00:10]} 33.
d6 {[%clk 00:00:44]} {[%emt 00:00:18]} Bh4 {[%clk 00:00:59]} {[%emt 00:00:46]}
34. d7 {[%clk 00:00:37]} {[%emt 00:00:10]} Rd8 {[%clk 00:00:59]} {[%emt
00:00:01]} 35. c6 {[%clk 00:00:09]} {[%emt 00:00:30]} bxc6 {[%clk 00:00:52]}
{[%emt 00:00:09]} 36. Rxc6 {[%clk 00:00:09]} {[%emt 00:00:01]} Rf2+ {[%clk
00:00:41]} {[%emt 00:00:14]} 37. Kh3 {[%clk 00:00:10]} {[%emt 00:00:01]} Bxg5
{[%clk 00:00:42]} 38. Be5 {[%clk 00:00:00]} {[%emt 00:00:10]} Rd2 {[%emt
00:00:20]} 0-1